000 01325nam a22003137a 4500
003 OSt
005 20210526160001.0
008 210302b 2020 dr ac 00| 0 eng d
020 _a9789945914047
040 _aDO-SdBNP
_bspa
_cBNPHU
082 7 4 _a306.4
_bG216b
_222
100 1 _aGarcía Peña, Lorgia
_977988
245 1 0 _aBordes de la dominicanidad /
_cLorgia García Peña ; traducción: Ramón Antonio Victoriano Martínez ; prólogo: Pablo Mella y Quisqueya Lora.
260 _aSanto Domingo :
_bInstituto de Estudios Superiores en Humanidades,
_bEdiciones MSC,
_c2020.
300 _a355 p. :
_bil., retrs. ;
_c23 cm.
490 _aDiáspora dominicana:
_v2
500 _aIncluye datos biográficos de la autora en la solapa de la cubierta
500 _aIncluye referencias bibliográficas y notas al pie de las páginas
504 _aBibliografía : p. 337-355
590 _aInventariado, 2021 /LP
650 4 _aCultura
_zRepública Dominicana
_91983
650 4 _aIdentidad cultural
_zRepública Dominicana
_91946
700 1 _aVictoriano Martínez, Ramón Antonio,
_etraducción
_977991
700 1 _aQuisqueya, Lora,
_eprólogo
_977989
700 1 _aMella, Pablo,
_eprólogo
_954066
830 _aDiáspora dominicana:
_n2
_977990
910 _aLoPérezValidado. Control de calidad. MAA
942 _2ddc
_cLBS1
999 _c49484
_d49484